Villes / communes de Normandie - Mort Subite - Statistiques

Statistiques générales
  • Ce quiz a été pris 548 fois
  • Le résultat moyen est 14 sur 37
Answers on the Grid
Answers color-coded by a green-red scale on the quiz's grid according to % correct below.
Abbeville
Alençon
Argentan
Avranches
Bapaume
Barneville-Carteret
Bayeux
Beauvais
Bois-Guillaume
Bolbec
Bouttencourt
Bressuire
Caen
Carentan-les-Marais
Châteaudun
Cherbourg-en-Cotentin
Coutances
Deauville
Dieppe
Dreux
Elbeuf
Étretat
Évreux
Falaise
Fécamp
Flers
Fougères
Gargenville
Granville
Grenoble
Hérouville-Saint-Clair
La Ferté-Bernard
La Flèche
Langres
Le Creusot
Le Grand-Quevilly
Le Havre
Le Mont-Saint-Michel
Lisieux
Loches
Louviers
Magny-en-Vexin
Mamers
Mantes-la-Jolie
Mayenne
Mende
Mers-les-Bains
Mont-Saint-Aignan
Neufchâtel-en-Bray
Nogent-le-Rotrou
Ouistreham
Pont-Audemer
Pont-l'Évêque
Pornic
Quinéville
Rouen
Saint-Jean-de-Monts
Saint-Lô
Saint-Malo
Sainte-Adresse
Sézanne
Valognes
Vernon
Vierzon
Vitré
 
Statistiques - réponses
Réponse % Correct
Alençon
84%
Avranches
75%
Caen
65%
Bayeux
64%
Deauville
59%
Cherbourg-en-Cotentin
55%
Argentan
53%
Dieppe
52%
Étretat
47%
Évreux
47%
Le Havre
46%
Coutances
43%
Fécamp
43%
Lisieux
43%
Elbeuf
42%
Granville
41%
Falaise
40%
Rouen
39%
Hérouville-Saint-Clair
37%
Barneville-Carteret
35%
Le Mont-Saint-Michel
35%
Saint-Lô
35%
Bois-Guillaume
31%
Bolbec
31%
Pont-l'Évêque
31%
Flers
30%
Le Grand-Quevilly
30%
Ouistreham
30%
Carentan-les-Marais
29%
Vernon
29%
Pont-Audemer
26%
Mont-Saint-Aignan
24%
Louviers
19%
Neufchâtel-en-Bray
17%
Valognes
16%
Sainte-Adresse
11%
Quinéville
9%
Aucun quiz correspondant
Distribution des résultats
% des personnes avec chaque résultat
Percentile par nombre de réponses
Votre historique - résultats
Vous n’avez pas pris ce quiz